Statistiques concernant Les villes de France de gauche

Cliquez ici pour prendre le quiz!

Statistiques générales

  • Ce quiz a été pris 192 fois
  • Le résultat moyen est 15 sur 19

Statistiques - réponses

RégionVille% Correct
BretagneBrest
92%
Île-de-FranceParis
92%
BretagneRennes
92%
Hauts-de-FranceLille
91%
Auvergne-Rhône-AlpesLyon
90%
Pays de la LoireNantes
89%
Bourgogne-Franche-ComtéDijon
86%
Grand EstStrasbourg
86%
La RéunionSaint-Denis
82%
Île-de-FranceSaint-Denis
82%
NormandieRouen
81%
OccitanieMontpellier
79%
Auvergne-Rhône-AlpesClermont-Ferrand
78%
Auvergne-Rhône-AlpesGrenoble
78%
Grand EstMetz
76%
Bourgogne-Franche-ComtéBesançon
73%
Pays de la LoireLe Mans
66%
Auvergne-Rhône-AlpesVilleurbanne
51%
Île-de-FranceMontreuil
35%

Distribution des résultats

Percentile par nombre de réponses

% des personnes avec chaque résultat

Votre développement - résultats

Vous n’avez pas pris ce quiz